000 01134cam a2200349 a 4500
001 57866
003 CO-BoRNBP
005 20250804154544.0
007 ta
008 990524r20001997mx a r 00011dspa d
020 _a968165434X
040 _ala
_cla
041 0 _aspa
043 _an-mx---
082 0 4 _aI863.6
_bL35l
_219 ed.
100 1 _aLeñero, Carmen,
_d1959-
_961908
245 1 0 _aLucas afuera, Lucas adentro /
_cCarmen Leñero ; ilustraciones de Mauricio Gómez Morin.
250 _a1a. edición
300 _a40 p. :
_bil. ;
_c19 cm.
336 _2rdacontent
_atexto
_btxt
337 _2rdamedia
_asin mediación
_bn
338 _2rdacarrier
_avolumen
_bnc
650 7 _aCuentos infantiles mexicanos.
_2BLAAUTO
650 7 _aAmistad
_vCuentos infantiles.
_2BLAAUTO
_961505
650 7 _aFantasía
_vCuentos infantiles.
_2BLAAUTO
_961909
650 7 _aGusanos
_aCuentos infantiles.
_2BLAAUTO
_961910
700 1 _aGómez Morín, Mauricio,
_d1956-
_eil.
_961911
830 0 _aLista Básica-Bibliotécas Públicas 1.
_942791
830 0 _aEmbajada de México-Colección 1.
942 _2ddc
_cBK
949 _an
_bn
999 _c57866
_d57866